[Event "SK Marmstorf - SC Diogenes II"]
[Site "Landesliga Hamburg 2022/23"]
[Date "2022.11.27"]
[Round "2.30"]
[White "Koenig, Friedrich Theodor"]
[Black "Johanssen, Torsten"]
[Result "0-1"]
[WhiteElo "1917"]
[BlackElo "1877"]
[PlyCount "72"]

1. e4 Nf6 2. e5 Nd5 3. d4 d6 4. Nf3 g6 5. c4 Nb6 6. Nc3 Bg7 7. exd6 cxd6 8. h3
O-O 9. Be3 Nc6 10. d5 Na5 11. Bd4 Bxd4 12. Qxd4 e5 13. dxe6 Bxe6 14. b3 Nc6 15.
Qf4 Qe7 16. O-O-O Rfd8 17. Kb2 d5 18. cxd5 Nxd5 19. Nxd5 Rxd5 20. Bc4 Rf5 21.
Qe3 Qf6+ 22. Qc3 Qxc3+ 23. Kxc3 Rc5 24. Kb2 Bxc4 25. bxc4 Rxc4 26. Rd7 Rb4+ 27.
Ka3 Re8 28. Rhd1 a5 29. R1d5 Ree4 30. Nd2 Ra4+ 31. Kb2 Reb4+ 32. Nb3 Rb6 33. a3
Re4 34. Kc2 Ra4 35. Kb2 Rc4 36. a4 Rxa4 0-1

[Event "SK Marmstorf - SC Diogenes II"]
[Site "Landesliga Hamburg 2022/23"]
[Date "2022.11.27"]
[Round "2.32"]
[White "Bezgin, Denis"]
[Black "Zehic, Emir"]
[Result "1/2-1/2"]
[WhiteElo "1113"]
[BlackElo "1740"]
[PlyCount "83"]

1. d4 d5 2. c4 Nf6 3. cxd5 Qxd5 4. Nc3 Qa5 5. Nf3 e6 6. g3 Be7 7. Bg2 O-O 8.
O-O c6 9. e4 Nbd7 10. Nd2 e5 11. Nc4 Qc7 12. dxe5 Nxe5 13. Bf4 Nfd7 14. Bh3 b5
15. Nxe5 Nxe5 16. Bxc8 Raxc8 17. Rc1 Qb8 18. Bxe5 Qxe5 19. Qg4 Rcd8 20. Rfd1
Bc5 21. Kg2 Rd4 22. f4 Qd6 23. Rxd4 Qxd4 24. Qf3 Qb4 25. Rc2 Bd4 26. e5 Bxc3
27. Qxc3 Qe4+ 28. Kg1 Rc8 29. Rd2 Qe1+ 30. Kg2 Qe4+ 31. Kg1 Qb1+ 32. Kf2 Qxa2
33. Rd7 Qe6 34. Rxa7 Rd8 35. Rc7 Qh3 36. Qxc6 Qxh2+ 37. Kf3 Rd3+ 38. Ke4 Qe2+
39. Kf5 Qh5+ 40. Ke4 Qe2+ 41. Kf5 Qh5+ 42. Ke4 1/2-1/2

[Event "Hamburger SK IV - SV Diagonale Harburg"]
[Site "Landesliga Hamburg 2022/23"]
[Date "2022.11.27"]
[Round "2.33"]
[White "Fries-Nielsen, Jens Ove"]
[Black "Groetzbach, Julian"]
[Result "1-0"]
[WhiteElo "2353"]
[BlackElo "2260"]
[PlyCount "97"]

1. d4 d5 2. Nc3 Nf6 3. Bf4 a6 4. e3 e6 5. a3 c5 6. g4 h6 7. h3 Nc6 8. Nf3 Bd6
9. Bxd6 Qxd6 10. Bg2 O-O 11. O-O b5 12. Ne2 a5 13. Ng3 Ba6 14. Re1 b4 15. axb4
axb4 16. b3 Bb7 17. Rc1 Rfe8 18. g5 hxg5 19. dxc5 Qxc5 20. Nxg5 Ne5 21. f4 Ned7
22. Nf3 Ra2 23. Nd4 Nb8 24. Nh5 Nc6 25. Nxf6+ gxf6 26. f5 e5 27. Nxc6 Qxc6 28.
Qg4+ Kh7 29. Qxb4 Rg8 30. Qh4+ Kg7 31. Kh1 Kf8 32. Qf2 Qc3 33. Rg1 Rg5 34. h4
Rh5 35. Qg3 Rxc2 36. Rxc2 Qxc2 37. Qg4 Qxf5 38. Qb4+ Ke8 39. Rf1 Qd7 40. Rxf6
Qe7 41. Qg4 Rh8 42. Qg5 Kf8 43. Kh2 Rg8 44. Qh6+ Ke8 45. Rd6 d4 46. Bf1 f6 47.
Bb5+ Kf7 48. Bc4+ Ke8 49. Qh5+ 1-0

[Event "Hamburger SK IV - SV Diagonale Harburg"]
[Site "Landesliga Hamburg 2022/23"]
[Date "2022.11.27"]
[Round "2.34"]
[White "Groetzbach, Daniel"]
[Black "Guindy, Esmat Susanne"]
[Result "1-0"]
[WhiteElo "2098"]
[BlackElo "2069"]
[PlyCount "79"]

1. e4 e6 2. d4 d5 3. Nc3 Nf6 4. e5 Nfd7 5. f4 c5 6. Nf3 Nc6 7. Be3 a6 8. Qd2 b5
9. h4 Qb6 10. g4 cxd4 11. Nxd4 Nxd4 12. Bxd4 Bc5 13. Ne2 b4 14. O-O-O a5 15. f5
Ba6 16. Qg5 Bxe2 17. Bxc5 Qxc5 18. Bxe2 h6 19. Qf4 O-O-O 20. Rh3 Kb7 21. a3 Nb6
22. axb4 axb4 23. Rb3 Ra8 24. Rxb4 Rhc8 25. c3 Ra2 26. Rb5 Qc7 27. Qd4 Rca8 28.
Kc2 R8a4 29. Qf2 Ra5 30. Rb3 Rc5 31. fxe6 fxe6 32. Rd4 Ka7 33. Rdb4 Nd7 34. Qd4
Ka8 35. Bb5 Nb6 36. Be8 Ra6 37. Bb5 Ra5 38. Bc6+ Rxc6 39. Rxb6 Rac5 40. Ra3+
1-0

[Event "Hamburger SK IV - SV Diagonale Harburg"]
[Site "Landesliga Hamburg 2022/23"]
[Date "2022.11.27"]
[Round "2.35"]
[White "Easwaralingam, Adesh"]
[Black "Frackowiak, Oliver"]
[Result "1/2-1/2"]
[WhiteElo "2155"]
[BlackElo "2136"]
[PlyCount "58"]

1. e4 c5 2. Nf3 e6 3. d4 cxd4 4. Nxd4 Nc6 5. Nc3 Qc7 6. Be3 a6 7. g4 b5 8. Nxc6
Qxc6 9. Qd2 b4 10. Ne2 Qxe4 11. Rg1 Qc4 12. Nf4 Qc7 13. O-O-O Bb7 14. Nh5 Ne7
15. Bb6 Qc6 16. Bd4 Rg8 17. Kb1 Nd5 18. Bd3 O-O-O 19. Bxh7 Rh8 20. Be4 f6 21.
Bg2 Qb5 22. Bf1 Qc6 23. Bg2 Qb5 24. Bf1 Qc6 25. Rc1 Kb8 26. Bg2 Qb5 27. Bf1 Qc6
28. Bg2 Qb5 29. Bf1 Qc6 1/2-1/2

[Event "Hamburger SK IV - SV Diagonale Harburg"]
[Site "Landesliga Hamburg 2022/23"]
[Date "2022.11.27"]
[Round "2.36"]
[White "Jantzen, Hans-Joerg"]
[Black "Andries, Alf"]
[Result "1-0"]
[WhiteElo "2161"]
[BlackElo "1948"]
[PlyCount "147"]

1. d4 Nf6 2. Bf4 e6 3. e3 c5 4. c3 d5 5. Nd2 Bd6 6. Bg3 Qc7 7. Ngf3 Nbd7 8. Bd3
O-O 9. O-O Bxg3 10. hxg3 e5 11. dxe5 Nxe5 12. Nxe5 Qxe5 13. Qa4 Bf5 14. Nf3 Qe6
15. Rad1 Bg6 16. Qh4 Rfd8 17. Ng5 Qg4 18. Bxg6 hxg6 19. Qxg4 Nxg4 20. Rd2 Nf6
21. Rfd1 Re8 22. Nh3 Re4 23. Nf4 d4 24. exd4 cxd4 25. Rxd4 Rae8 26. Rxe4 Rxe4
27. f3 Re8 28. Kf2 Rb8 29. Nd5 Kf8 30. Nxf6 gxf6 31. Rd7 Kg7 32. g4 a6 33. Ke3
Re8+ 34. Kf2 Rb8 35. a4 b5 36. axb5 axb5 37. Ke1 Kf8 38. Kd1 Ke8 39. Rd2 Ke7
40. Kc2 Ke6 41. Kb3 Rb7 42. Kb4 f5 43. Re2+ Kd6 44. gxf5 gxf5 45. f4 f6 46.
Rd2+ Kc6 47. Rd8 Re7 48. Rc8+ Kb7 49. Rc5 Re4+ 50. Kxb5 Rxf4 51. b4 Rf2 52. c4
Rxg2 53. Rxf5 Rg6 54. c5 Kc7 55. Ka6 Rg5 56. Kb5 Rg6 57. Rd5 Rg4 58. Rd6 Rg5
59. Ra6 Kb7 60. Re6 f5 61. Rf6 Kc7 62. Rf7+ Kb8 63. c6 Kc8 64. Kc5 Rg1 65. b5
f4 66. b6 Rc1+ 67. Kd5 Rd1+ 68. Ke4 Re1+ 69. Kf3 Re8 70. Kxf4 Kb8 71. Kf5 Ka8
72. Ra7+ Kb8 73. c7+ Kc8 74. Ra8+ 1-0

[Event "Hamburger SK IV - SV Diagonale Harburg"]
[Site "Landesliga Hamburg 2022/23"]
[Date "2022.11.27"]
[Round "2.37"]
[White "Syed, Tareq"]
[Black "Posske, Thore"]
[Result "0-1"]
[WhiteElo "1980"]
[BlackElo "1992"]
[PlyCount "76"]

1. d3 d5 2. g3 Nf6 3. Bg2 e5 4. Nd2 Bc5 5. e3 O-O 6. a3 a6 7. b3 e4 8. d4 Bb6
9. Ne2 Bg4 10. h3 Bxe2 11. Qxe2 c5 12. dxc5 Bxc5 13. Bb2 Nc6 14. O-O d4 15.
Nxe4 Nxe4 16. Bxe4 dxe3 17. Bxh7+ Kxh7 18. Qh5+ Kg8 19. Qxc5 e2 20. Rfe1 Re8
21. h4 Rc8 22. Qg5 Nd4 23. Bxd4 Qxd4 24. c4 Rc5 25. Qf4 Qd3 26. Qg4 Rce5 27.
Ra2 Re4 28. Qg5 R8e5 29. Qd2 Qxb3 30. Rb2 Qxc4 31. Qc2 Qe6 32. Rxb7 g6 33. Rb8+
Kg7 34. f4 Rxf4 35. Qc8 Rf1+ 36. Kg2 Qd5+ 37. Kh3 Qh1+ 38. Kg4 Re4+ 0-1

[Event "Hamburger SK IV - SV Diagonale Harburg"]
[Site "Landesliga Hamburg 2022/23"]
[Date "2022.11.27"]
[Round "2.40"]
[White "Juergens, Bernhard"]
[Black "Haschimi, Haschem"]
[Result "1-0"]
[WhiteElo "2151"]
[BlackElo "1884"]
[PlyCount "121"]

1. e4 c6 2. d3 d5 3. Nd2 e5 4. Ngf3 Bd6 5. d4 Bg4 6. dxe5 Bxe5 7. exd5 Qxd5 8.
Bc4 Bxf3 9. Qxf3 Qxf3 10. Nxf3 Bf6 11. c3 h6 12. Bf4 Ne7 13. O-O-O O-O 14. Rhe1
Ng6 15. Bg3 b5 16. Bb3 a5 17. a3 Na6 18. Rd6 Rac8 19. Bc2 b4 20. cxb4 axb4 21.
Bf5 bxa3 22. bxa3 Rc7 23. Re3 Be7 24. Rxg6 fxg6 25. Bxc7 Bc5 26. Be6+ Kh7 27.
Be5 Bxe3+ 28. fxe3 Nc5 29. Bc4 Ra8 30. Kb2 Ra4 31. Be2 Re4 32. Bd4 Nd7 33. Bd3
Re7 34. e4 c5 35. Bc3 Nb6 36. e5 Nd5 37. Bd2 Rb7+ 38. Kc2 Ra7 39. Bc1 Rc7 40.
Be4 Ne7 41. Be3 Kg8 42. Kc3 Nf5 43. Bxf5 gxf5 44. Kc4 Kf7 45. Bxc5 Ke6 46. Kd4
g5 47. Ne1 Rd7+ 48. Bd6 Ra7 49. Nd3 Ra4+ 50. Bb4 Ra8 51. a4 h5 52. a5 Rd8+ 53.
Bd6 h4 54. a6 Ra8 55. Nc5+ Kf7 56. e6+ Kg6 57. Ke5 f4 58. h3 Kh5 59. e7 Kg6 60.
Ke6 g4 61. Bxf4 1-0

[Event "SV Diagonale Harburg - Hamburger SK V"]
[Site "Landesliga Hamburg 2022/23"]
[Date "2022.12.11"]
[Round "3.1"]
[White "Fuhrmann, Bahne"]
[Black "Fries-Nielsen, Jens Ove"]
[Result "0-1"]
[WhiteElo "2042"]
[BlackElo "2356"]
[PlyCount "42"]

1. e4 c6 2. d4 Na6 3. Bxa6 Qa5+ 4. Nc3 Qxa6 5. Bf4 d6 6. Nge2 Qa5 7. O-O e5 8.
b4 Qc7 9. Bg3 Nf6 10. f4 Nh5 11. Qd3 Nxg3 12. hxg3 exd4 13. Nxd4 Be7 14. Qc4
Bd8 15. b5 Bd7 16. Rad1 O-O 17. Rd2 Rc8 18. Rfd1 Bg4 19. Rb1 Qa5 20. bxc6 bxc6
21. Rb4 c5 0-1

[Event "SV Diagonale Harburg - Hamburger SK V"]
[Site "Landesliga Hamburg 2022/23"]
[Date "2022.12.11"]
[Round "3.3"]
[White "Meyling, Lennart"]
[Black "Easwaralingam, Adesh"]
[Result "0-1"]
[WhiteElo "2147"]
[BlackElo "2146"]
[PlyCount "88"]

1. d4 Nf6 2. Nf3 d5 3. g3 e6 4. Bg2 Be7 5. O-O O-O 6. c4 dxc4 7. Ne5 Nc6 8.
Nxc6 bxc6 9. Na3 Bxa3 10. bxa3 Nd5 11. Qa4 Nb6 12. Qa5 Bd7 13. Bf4 Re8 14. e4
Qe7 15. Bxc7 Rec8 16. Bf4 c5 17. d5 e5 18. Be3 Qd6 19. f4 f6 20. Rfe1 Bg4 21.
Rab1 Rc7 22. Kf2 Rac8 23. f5 Bh5 24. h3 Bf7 25. Bf1 g6 26. g4 gxf5 27. gxf5
Bxd5 28. exd5 Qd7 29. Kg2 Qxf5 30. Kh2 Rg7 31. Qd2 c3 32. Qf2 Qe4 33. Bg2 Qd3
34. Bxc5 Rxc5 35. Red1 c2 36. Rxb6 cxd1=Q 37. Rb8+ Kf7 38. Rb7+ Kg6 39. Rxg7+
Kxg7 40. Qxc5 Qf5 41. Qe7+ Kh6 42. Qf8+ Kh5 43. Qe8+ Kh4 44. Qc8 Qf4# 0-1

[Event "SV Diagonale Harburg - Hamburger SK V"]
[Site "Landesliga Hamburg 2022/23"]
[Date "2022.12.11"]
[Round "3.4"]
[White "Andries, Alf"]
[Black "Krueger, Arthur"]
[Result "0-1"]
[WhiteElo "1950"]
[BlackElo "1953"]
[PlyCount "110"]

1. e4 e6 2. d4 d5 3. Nd2 c5 4. exd5 Qxd5 5. Ngf3 cxd4 6. Bc4 Qd7 7. O-O Nf6 8.
Nb3 Nc6 9. Nbxd4 Nxd4 10. Nxd4 a6 11. a4 Bc5 12. Be3 Qc7 13. Qe2 e5 14. Rfe1
O-O 15. Nf3 Bxe3 16. fxe3 Bg4 17. e4 Bxf3 18. gxf3 Nh5 19. b3 Nf4 20. Qe3 Rad8
21. Rad1 Qc6 22. Kh1 b5 23. axb5 axb5 24. Bd3 Rd6 25. Rd2 Qc3 26. Red1 Rfd8 27.
Qe1 Nxd3 28. Rxd3 Qxe1+ 29. Rxe1 Rxd3 30. cxd3 Rxd3 31. Rc1 f6 32. Kg2 Rxb3 33.
Rc7 h6 34. h4 Rb1 35. h5 b4 36. Ra7 b3 37. Rb7 b2 38. Rb3 Kf7 39. Rb6 Ke7 40.
Kh2 Rf1 41. Rxb2 Rxf3 42. Rb7+ Kf8 43. Rb8+ Kf7 44. Rb7+ Kg8 45. Rb4 Kh7 46.
Kg2 Rf4 47. Kg3 f5 48. Rb8 Rxe4 49. Rf8 Rg4+ 50. Kh3 Rg5 51. Kh4 e4 52. Re8 Rg1
53. Re5 Rh1+ 54. Kg3 Rxh5 55. Ra5 f4+ 0-1

[Event "SV Diagonale Harburg - Hamburger SK V"]
[Site "Landesliga Hamburg 2022/23"]
[Date "2022.12.11"]
[Round "3.5"]
[White "Avdic, Faris"]
[Black "Syed, Tareq"]
[Result "1-0"]
[WhiteElo "1981"]
[BlackElo "1980"]
[PlyCount "61"]

1. d4 d6 2. c4 Nf6 3. Nc3 c6 4. e4 e5 5. Be2 Be7 6. Nf3 Nbd7 7. O-O O-O 8. Qc2
h6 9. Rd1 Qc7 10. h3 Nh7 11. Be3 Re8 12. b4 Ndf6 13. d5 a5 14. a3 axb4 15. axb4
Rxa1 16. Rxa1 Bd7 17. Ra7 cxd5 18. exd5 Qc8 19. Qa2 e4 20. Nd4 Ng5 21. Bf1 Ngh7
22. Ndb5 g5 23. Qa5 Nf8 24. Qb6 Nh5 25. Qxb7 Qxb7 26. Rxb7 f5 27. Bd4 Nf4 28.
c5 Nd3 29. c6 Bc8 30. Rb8 Kf7 31. Na7 1-0

[Event "SV Diagonale Harburg - Hamburger SK V"]
[Site "Landesliga Hamburg 2022/23"]
[Date "2022.12.11"]
[Round "3.6"]
[White "Haschimi, Haschem"]
[Black "Fuhrmann, Aake"]
[Result "0-1"]
[WhiteElo "1884"]
[BlackElo "1960"]
[PlyCount "126"]

1. e4 c5 2. Nf3 d6 3. Bc4 Nf6 4. Nc3 Nc6 5. O-O g6 6. d3 Bg7 7. h3 O-O 8. a3
Rb8 9. Re1 h6 10. Rb1 Nd7 11. Bf4 Nde5 12. Nxe5 Nxe5 13. Ba2 b5 14. Qc1 Kh7 15.
Bxe5 Bxe5 16. Ne2 Qa5 17. f4 Bg7 18. b4 cxb4 19. Rxb4 Qb6+ 20. Kh2 a5 21. Rb1
g5 22. Rf1 gxf4 23. Nxf4 f5 24. Nd5 Qd8 25. Qe3 e6 26. Nf4 Qg5 27. exf5 e5 28.
Nd5 Bxf5 29. Qxg5 hxg5 30. Ne7 Bd7 31. Bd5 Rxf1 32. Rxf1 Rf8 33. Be4+ Kh6 34.
Rc1 g4 35. hxg4 Bxg4 36. Kg3 Bd7 37. Rh1+ Kg5 38. Rh7 Rf7 39. Ng6 Be6 40. Nh4
d5 41. Bg6 Rc7 42. Be8 b4 43. Rh5+ Kf6 44. axb4 axb4 45. Ba4 Rc3 46. Kf2 Ra3
47. Bb3 d4 48. Bxe6 Kxe6 49. Nf3 Ra2 50. Nxd4+ exd4 51. Rb5 Rxc2+ 52. Kf3 Bf8
53. g4 Bd6 54. Ke4 Bc5 55. g5 Re2+ 56. Kf3 Re5 57. Kg4 Be7 58. Rb6+ Kf7 59. g6+
Kg7 60. Kf4 Re3 61. Kf5 Rxd3 62. Ke4 Rd1 63. Rb7 Kxg6 0-1

[Event "TV Fischbek - SK Marmstorf"]
[Site "Landesliga Hamburg 2022/23"]
[Date "2022.12.11"]
[Round "3.9"]
[White "Kuberczyk, Christoph"]
[Black "Serrer, Christoph"]
[Result "1/2-1/2"]
[WhiteElo "2292"]
[BlackElo "2251"]
[PlyCount "26"]

1. Nf3 d5 2. g3 Nf6 3. Bg2 e6 4. O-O Be7 5. d4 O-O 6. b3 b6 7. c4 c6 8. Qc2
Nbd7 9. Rd1 Re8 10. Nc3 Ba6 11. Nd2 b5 12. e4 dxc4 13. bxc4 bxc4 1/2-1/2

[Event "TV Fischbek - SK Marmstorf"]
[Site "Landesliga Hamburg 2022/23"]
[Date "2022.12.11"]
[Round "3.10"]
[White "de Voogt, Juergen"]
[Black "Hawellek, Jeronimo"]
[Result "1/2-1/2"]
[WhiteElo "2252"]
[BlackElo "2257"]
[PlyCount "36"]

1. e4 d5 2. d4 dxe4 3. Nc3 Nf6 4. Bg5 Bf5 5. f3 Nbd7 6. Bc4 e3 7. Nge2 Nb6 8.
Bb3 e6 9. Bxe3 Be7 10. Qd2 Nfd5 11. O-O-O a5 12. a3 a4 13. Ba2 Qd7 14. Bf2 Qc6
15. Nxd5 Nxd5 16. Bxd5 exd5 17. Rde1 O-O 18. Ng3 Bg5 1/2-1/2

[Event "TV Fischbek - SK Marmstorf"]
[Site "Landesliga Hamburg 2022/23"]
[Date "2022.12.11"]
[Round "3.11"]
[White "Ramme, Christoph"]
[Black "Kneip, Jakob"]
[Result "1-0"]
[WhiteElo "2121"]
[BlackElo "2121"]
[PlyCount "79"]

1. d4 d5 2. c4 e6 3. Nf3 a6 4. e3 c6 5. Nc3 Nf6 6. Bd3 dxc4 7. Bxc4 b5 8. Be2
Bb7 9. Ne5 c5 10. Bf3 Qb6 11. dxc5 Bxc5 12. O-O O-O 13. Bd2 Rd8 14. Bxb7 Qxb7
15. Qe2 Bd6 16. Nf3 b4 17. Na4 Qb5 18. Qd1 Nc6 19. b3 Qh5 20. Nb6 Rab8 21. Nc4
Bc7 22. Qc2 e5 23. e4 Nd4 24. Qd3 Ne6 25. Qc2 Nd4 26. Qd3 Ne6 27. Qc2 Nc5 28.
Rfe1 Rd3 29. Nb2 Rxf3 30. gxf3 Qxf3 31. Re3 Qh5 32. Qxc5 Ng4 33. h3 Nxe3 34.
Qxe3 Rb6 35. Rc1 Rg6+ 36. Kh2 Bd8 37. Rc8 Qh4 38. Bxb4 f5 39. Qd2 Rd6 40. Bxd6
1-0

[Event "TV Fischbek - SK Marmstorf"]
[Site "Landesliga Hamburg 2022/23"]
[Date "2022.12.11"]
[Round "3.12"]
[White "Rolf, Marco"]
[Black "Diekmann, Jens"]
[Result "1/2-1/2"]
[WhiteElo "2098"]
[BlackElo "2064"]
[PlyCount "90"]

1. d4 Nf6 2. c4 e6 3. Nc3 Bb4 4. Qc2 O-O 5. Nf3 b6 6. g3 Bb7 7. Bg2 d5 8. Ne5
Qc8 9. O-O dxc4 10. e4 c5 11. a3 cxd4 12. axb4 dxc3 13. bxc3 Nbd7 14. Nxd7 Nxd7
15. f4 Rd8 16. f5 exf5 17. Rxf5 f6 18. Be3 Re8 19. Bd4 Ne5 20. Qe2 Qc7 21. Raf1
Bc8 22. R5f4 Be6 23. h3 a5 24. Qe3 Rab8 25. bxa5 bxa5 26. g4 Rb2 27. R4f2 Rxf2
28. Qxf2 Nd3 29. Bb6 Qd6 30. Qd4 Qxd4+ 31. Bxd4 Rb8 32. Ra1 Rb5 33. Bf1 Ne5 34.
Kf2 Kf7 35. Ra4 Nd3+ 36. Ke3 Nb2 37. Ra2 a4 38. Kd2 Rb3 39. Kc2 a3 40. Bc5 Na4
41. Bb4 Rb2+ 42. Rxb2 axb2 43. Be2 g6 44. Kb1 f5 45. Bd1 Bd7 1/2-1/2

[Event "TV Fischbek - SK Marmstorf"]
[Site "Landesliga Hamburg 2022/23"]
[Date "2022.12.11"]
[Round "3.13"]
[White "Koenig, Friedrich Theodor"]
[Black "Schneider, Alexander"]
[Result "0-1"]
[WhiteElo "1917"]
[BlackElo "2081"]
[PlyCount "70"]

1. d4 d5 2. Bf4 Nf6 3. e3 c5 4. Nf3 Nc6 5. Nbd2 cxd4 6. exd4 Qb6 7. Nb3 Bg4 8.
Be2 e6 9. O-O Be7 10. h3 Bh5 11. a4 a6 12. a5 Qa7 13. c3 O-O 14. Ne5 Bxe2 15.
Qxe2 Rfc8 16. Rfe1 b6 17. Nd3 bxa5 18. Nxa5 Qb6 19. Nxc6 Rxc6 20. Ne5 Rcc8 21.
Ra2 a5 22. Rea1 Bd6 23. Qf3 Rab8 24. Bc1 Bxe5 25. dxe5 Nd7 26. Qg3 d4 27. Bh6
g6 28. cxd4 Qxd4 29. Be3 Qe4 30. Ra4 Rb4 31. Rxa5 Rxb2 32. Rd1 Rb1 33. Rxb1
Qxb1+ 34. Kh2 Qf5 35. Bf4 Nf6 0-1

[Event "TV Fischbek - SK Marmstorf"]
[Site "Landesliga Hamburg 2022/23"]
[Date "2022.12.11"]
[Round "3.14"]
[White "Peters, Thomas"]
[Black "Peschke, Matthias"]
[Result "1-0"]
[WhiteElo "1875"]
[BlackElo "2025"]
[PlyCount "51"]

1. f4 d5 2. Nf3 Bg4 3. Ne5 Bf5 4. e3 h5 5. c4 Nf6 6. Qb3 Bc8 7. cxd5 Qxd5 8.
Bc4 Qxg2 9. Bxf7+ Kd8 10. Qd3+ Bd7 11. Rf1 g5 12. Ng6 Rh7 13. Nxf8 Rxf7 14.
Ne6+ Kc8 15. Nxg5 Rg7 16. Qe2 Qc6 17. Nc3 Na6 18. h3 Nc5 19. d4 Nce4 20. Ncxe4
Nxe4 21. Qxh5 Nf6 22. Qe2 Bf5 23. Bd2 Kd7 24. Rc1 Qd5 25. Rc5 Qxa2 26. Qb5+ 1-0

[Event "TV Fischbek - SK Marmstorf"]
[Site "Landesliga Hamburg 2022/23"]
[Date "2022.12.11"]
[Round "3.15"]
[White "Undritz, Bjoern"]
[Black "Egelriede, Nikolas"]
[Result "0-1"]
[WhiteElo "1889"]
[BlackElo "1841"]
[PlyCount "64"]

1. e4 d5 2. exd5 Qxd5 3. c4 Qe4+ 4. Qe2 Qxe2+ 5. Bxe2 e5 6. Nc3 Bf5 7. Nd5 Bd6
8. c5 Ne7 9. cxd6 Nxd5 10. dxc7 Nc6 11. a3 Nd4 12. Bd1 Nf4 13. g3 Nd3+ 14. Kf1
Rc8 15. Nf3 Rxc7 16. Nxd4 exd4 17. Ba4+ Ke7 18. Kg2 Rhc8 19. Bb5 Nxc1 20. Re1+
Kf6 21. d3 Nb3 22. Rad1 a6 23. Bc4 Nc5 24. b4 Nd7 25. f4 Nb6 26. h3 h5 27. Rd2
Nxc4 28. dxc4 Rxc4 29. Re5 Rc2 30. Rxc2 Rxc2+ 31. Kf3 Rc3+ 32. Kf2 Rxa3 0-1

[Event "TV Fischbek - SK Marmstorf"]
[Site "Landesliga Hamburg 2022/23"]
[Date "2022.12.11"]
[Round "3.16"]
[White "Schwarzkopf, Joerg"]
[Black "Bezgin, Denis"]
[Result "1/2-1/2"]
[WhiteElo "1835"]
[BlackElo "1113"]
[PlyCount "63"]

1. e4 e5 2. f4 d6 3. Nf3 Nc6 4. Bc4 Bg4 5. d3 Nd4 6. Nc3 Bxf3 7. gxf3 Qh4+ 8.
Kf1 Qh3+ 9. Kf2 Be7 10. Nd5 Bh4+ 11. Ke3 O-O-O 12. Qf1 Qxf1 13. Rxf1 Nxc2+ 14.
Kd2 Nxa1 15. fxe5 dxe5 16. Kc3 c6 17. Ne3 Rd7 18. Nf5 Bf6 19. Be3 b5 20. Bxf7
Kb7 21. Be6 Rd8 22. Rxa1 Ne7 23. Ng3 g6 24. Rc1 Bg7 25. Bg5 Rd6 26. Bb3 Nc8 27.
Bd1 h6 28. Be3 Nb6 29. b3 Rhd8 30. Be2 a5 31. a3 a4 32. b4 1/2-1/2

[Event "SK Johanneum Eppendorf II - SV Großhansdorf"]
[Site "Landesliga Hamburg 2022/23"]
[Date "2022.12.11"]
[Round "3.17"]
[White "Wahls, Matthias"]
[Black "Wenzel, Birger"]
[Result "1-0"]
[WhiteElo "2544"]
[BlackElo "1996"]
[PlyCount "137"]

1. d4 Nf6 2. c4 e6 3. g3 d5 4. Nf3 Be7 5. Bg2 O-O 6. O-O dxc4 7. Qc2 b5 8. a4
Bb7 9. axb5 a6 10. bxa6 Nxa6 11. Qxc4 Bd5 12. Qc3 Ne4 13. Qe1 Nb4 14. Rxa8 Qxa8
15. Nc3 Nxc3 16. bxc3 Na2 17. Bb2 Rb8 18. Qd2 Qb7 19. Ba1 Qa6 20. c4 Bxc4 21.
Ne5 Bd5 22. e4 Bb3 23. d5 Bd6 24. Nd7 Rb4 25. dxe6 Bxe6 26. e5 Qa4 27. Nf6+
gxf6 28. exd6 cxd6 29. Bxf6 Rg4 30. Qxd6 Qd7 31. Qb8+ Qc8 32. Rb1 Rc4 33. Bf1
Qxb8 34. Rxb8+ Rc8 35. Rb5 Rc1 36. Rb8+ Rc8 37. Rxc8+ Bxc8 38. f3 Nb4 39. Kf2
Nd5 40. Bb2 Be6 41. g4 Nb6 42. Bd3 Bc4 43. Be4 Bd5 44. Bc2 Nc4 45. Bc3 Be6 46.
Kg3 Ne3 47. Bb1 Bb3 48. Bd4 Nc4 49. Bd3 Nd6 50. Bc5 Nb7 51. Be7 Na5 52. Be4 Nc4
53. Kf4 Nd2 54. Bc6 Bc4 55. Bb4 Nb3 56. Ke3 Kg7 57. Be4 Kg8 58. Bf5 Kg7 59. Be4
Kg8 60. Bf5 Kg7 61. Bc2 Kg8 62. Be4 Kg7 63. Kf4 Nc1 64. Bc3+ Kg8 65. Kg5 Ne2
66. Be5 Ng1 67. Kh6 Be2 68. Bg7 f5 69. Bd5# 1-0

[Event "SK Johanneum Eppendorf II - SV Großhansdorf"]
[Site "Landesliga Hamburg 2022/23"]
[Date "2022.12.11"]
[Round "3.18"]
[White "Johannsen, Dennis"]
[Black "Paul, Anatolij"]
[Result "1/2-1/2"]
[WhiteElo "2105"]
[BlackElo "2057"]
[PlyCount "49"]

1. d4 Nf6 2. Nf3 e6 3. Bf4 d5 4. e3 Bd6 5. Bxd6 cxd6 6. c4 O-O 7. Nc3 dxc4 8. Bxc4
b6 9. O-O Bb7 10. Qe2 a6 11. Rac1 b5 12. Bd3 Nbd7 13. Rfd1 Qa5 14. Nd2 Qb6 15.
a4 b4 16. Nce4 Nxe4 17. Bxe4 Bxe4 18. Nxe4 Rfc8 19. Qd3 d5 20. Ng5 Nf6 21. Rc2
h6 22. Nf3 Ne4 23. Rdc1 Rxc2 24. Qxc2 Nd6 25. Qb1 1/2-1/2

[Event "SK Johanneum Eppendorf II - SV Großhansdorf"]
[Site "Landesliga Hamburg 2022/23"]
[Date "2022.12.11"]
[Round "3.19"]
[White "Kuhn, Gerd"]
[Black "Keyser, Philipp"]
[Result "0-1"]
[WhiteElo "2001"]
[BlackElo "2041"]
[PlyCount "140"]

1. d4 Nf6 2. Bg5 Ne4 3. Bf4 c5 4. f3 Qa5+ 5. c3 Nf6 6. d5 e6 7. e4 Qb6 8. b3
exd5 9. exd5 d6 10. Na3 Be7 11. Nc4 Qc7 12. a4 Bf5 13. g4 Bg6 14. h4 h5 15. g5
Nfd7 16. Ra2 O-O 17. Bh3 Nb6 18. Ne3 c4 19. b4 a5 20. b5 N8d7 21. Ne2 Nc5 22.
O-O Nd3 23. Bg3 Nxd5 24. Nxd5 Qc5+ 25. Nd4 Qxd5 26. f4 Be4 27. Qxh5 g6 28. Qg4
Bd8 29. Kh2 Bb6 30. Bf2 Nxf2 31. Rfxf2 Bxd4 32. Rfd2 Bd3 33. Bg2 Qc5 34. cxd4
Qxd4 35. Bxb7 Rae8 36. Rd1 d5 37. Bc6 Re4 38. Qg1 Rxf4 39. Qxd4 Rxd4 40. Kg3
Rd8 41. b6 Re4 42. b7 Re3+ 43. Kf2 d4 44. Rb2 Rb8 45. Rb5 Be4 46. Rc5 Bxc6 47.
Rxc6 Rxb7 48. Rxd4 Rc3 49. Rcxc4 Rb2+ 50. Kg1 Rxc4 51. Rxc4 Rb4 52. Rc5 Rxa4
53. Kg2 {(=)} Ra2+ 54. Kg3 a4 55. Ra5 Kf8 56. Ra7 Ke8 57. Kh3 Ra1 58. Kg3 a3
59. Kg2 a2 60. Kh2 Kd8 61. Kg2 Kc8 62. Kh2 Kb8 63. Ra6 Kb7 64. Ra5 Kb6 65. Ra8
Kc5 66. Ra7 Kb5 67. Kg2 Kb6 68. Ra8 Kc6 69. Ra6+ Kd5 70. Ra7 Ke4 {und ZÜ Weiß
} 0-1

[Event "SK Johanneum Eppendorf II - SV Großhansdorf"]
[Site "Landesliga Hamburg 2022/23"]
[Date "2022.12.11"]
[Round "3.20"]
[White "Enxing, Simon"]
[Black "Spindel, Ulrich"]
[Result "1-0"]
[WhiteElo "2163"]
[BlackElo "2091"]
[PlyCount "73"]

1. d4 e6 2. g3 d5 3. Bg2 Nf6 4. Nf3 Be7 5. O-O O-O 6. c4
c5 7. Nc3 Nc6 8. dxc5 Bxc5 9. a3 a6 10. b4 Ba7 11. b5 axb5 12. cxd5 exd5 13.
Nxb5 Bc5 14. Bg5 Be6 15. a4 h6 16. Bf4 Ne4 17. Ne1 Rc8 18. Nd3 Be7 19. Bc1 Qd7
20. Ba3 Rfd8 21. Nf4 Ne5 22. Bxe4 dxe4 23. Qxd7 Rxd7 24. Nxe6 Bxa3 25. Rxa3
fxe6 26. Rb1 Rc2 27. Re3 Nc4 28. Rc3 Rxc3 29. Nxc3 e3 30. f3 b6 31. Rb4 Rd4 32.
Kg2 e5 33. Nb5 Rd2 34. Rxc4 Rxe2+ 35. Kh3 Ra2 36. Rc8+ Kh7 37. Nc3 1-0

[Event "SK Johanneum Eppendorf II - SV Großhansdorf"]
[Site "Landesliga Hamburg 2022/23"]
[Date "2022.12.11"]
[Round "3.21"]
[White "Varain, Ernst-Helmuth"]
[Black "Zobel, Andrej"]
[Result "1/2-1/2"]
[WhiteElo "2063"]
[BlackElo "2051"]
[PlyCount "29"]

1. e4 e5 2. Nf3 Nc6 3. Bc4 Bc5 4. c3 Nf6 5. d3 d6 6. a4 a6 7. O-O Ba7 8. Nbd2 O-O 
9. Re1 Be6 10. Nf1 d5 11. exd5 Nxd5 12. Ng3 h6 13. Qc2 Qf6 14. Bd2 Nf4 15. Bxf4 1/2-1/2

[Event "SK Johanneum Eppendorf II - SV Großhansdorf"]
[Site "Landesliga Hamburg 2022/23"]
[Date "2022.12.11"]
[Round "3.22"]
[White "Seidel, Mika"]
[Black "Felten, Joachim"]
[Result "1/2-1/2"]
[WhiteElo "1958"]
[BlackElo "2076"]
[PlyCount "38"]

1. c4 c6 2. Nf3 d5 3. d4 Nf6 4. Nc3 dxc4 5. g3 b5 6. Bg2 Bb7 7. O-O e6 8. Ne5 a6 
9. a4 Qb6 10. Bg5 Nbd7 11. Nxd7 Nxd7 12. Ne4 c5 13. dxc5 Nxc5 14. Be3 Rd8 15. Qc2 Bxe4 
16. Bxe4 f5 17. Bg2 Qc7 18. axb5 axb5 19. Bf4 Bd6 1/2-1/2